Catálogo
 En Linea

Sistemas electorales y representación femenina / (Registro nro. 30594)

Detalles MARC
000 -CABECERA
campo de control de longitud fija 02099nam a2200313 a 4500
001 - NÚMERO DE CONTROL
campo de control 000031102
003 - IDENTIFICADOR DEL NÚMERO DE CONTROL
campo de control DO-SdBNP
005 - FECHA Y HORA DE LA ÚLTIMA TRANSACCIÓN
campo de control 20211118095309.0
008 - DATOS DE LONGITUD FIJA--INFORMACIÓN GENERAL
campo de control de longitud fija 110613s2007 dr ad r 001 0 spa d
020 ## - NÚMERO INTERNACIONAL ESTÁNDAR DEL LIBRO
Número Internacional Estándar del Libro 9789945130379
040 ## - FUENTE DE LA CATALOGACIÓN
Centro catalogador/agencia de origen DO-SdBNP
Lengua de catalogación spa
Centro/agencia transcriptor BNPHU
082 #4 - NÚMERO DE LA CLASIFICACIÓN DECIMAL DEWEY
Número de clasificación 324.63
Número de documento/Ítem A657s
Número de edición 22
100 10 - ENTRADA PRINCIPAL--NOMBRE DE PERSONA
Nombre de persona Aquino R., José Ángel,
9 (RLIN) 57581
245 10 - MENCIÓN DE TÍTULO
Título Sistemas electorales y representación femenina /
Mención de responsabilidad, etc. José Ángel Aquino R. ; edición de Rafael Menoscal Reynoso.
260 ## - PUBLICACIÓN, DISTRIBUCIÓN, ETC.
Lugar de publicación, distribución, etc. Santo Domingo :
Nombre del editor, distribuidor, etc. JCE,
Fecha de publicación, distribución, etc. 2007.
300 ## - DESCRIPCIÓN FÍSICA
Extensión 61 p. :
Otras características físicas il., gráfcs. ;
Dimensiones 26 cm.
490 ## - MENCIÓN DE SERIE
Mención de serie Ensayos electorales ;
Designación de volumen o secuencia 3
500 ## - NOTA GENERAL
Nota general Incluye datos biográficos del autor en la contracubierta.
504 ## - NOTA DE BIBLIOGRAFÍA, ETC.
Nota de bibliografía, etc. Bibliografía : p. 59-61.
505 0# - NOTA DE CONTENIDO CON FORMATO
Nota de contenido con formato Presentación 9 -- Prólogo 13 -- SISTEMAS ELECTORALES Y REPRESENTACION FEMENINA 15 -- EL SISTEMA ELECTORAL 15 -- Tipos de sistemas electorales 16 -- Componentes de los sistemas electorales 16 -- LA ACCION AFIRMATIVA 19 -- La cuota femenina como mecanismo de acción afirmativa 20 -- Resultados positivos pero limitados 21 -- Situación en América Latina 22 -- SISTEMA ELECTORAL, CUOTA FEMENINA Y REPRESENTACION POLITICA 27 -- Epílogo 31 -- ANEXO -- Evolución estadística de la representacón política femenina en la República Dominicana 33 -- A. Evolución de la participación femenina en el Congreso Nacional y los Ayuntamientos 35 -- B. Regulación de la aplicación de la cuota femenina por la Junta Central Electoral 1998-2006 39 -- C. Candidaturas femeninas presentadas por los partidos políticos que alcanzaron representación congresional y municipal propia 45 -- D. Relación de candidaturas femeninas electas por tipo de circunscripción y partido político 51
590 ## - NOTA LOCAL (RLIN)
Nota local Inventariado, 2019/BT
650 14 - PUNTO DE ACCESO ADICIONAL DE MATERIA--TÉRMINO DE MATERIA
Término de materia o nombre geográfico como elemento de entrada Elecciones
Subdivisión geográfica República Dominicana
9 (RLIN) 2992
650 14 - PUNTO DE ACCESO ADICIONAL DE MATERIA--TÉRMINO DE MATERIA
Término de materia o nombre geográfico como elemento de entrada Mujeres en la política
Subdivisión geográfica República Dominicana
9 (RLIN) 6586
650 14 - PUNTO DE ACCESO ADICIONAL DE MATERIA--TÉRMINO DE MATERIA
Término de materia o nombre geográfico como elemento de entrada Sufragio femenino
Subdivisión geográfica República Dominicana
9 (RLIN) 57582
700 1# - PUNTO DE ACCESO ADICIONAL--NOMBRE DE PERSONA
Nombre de persona Reynoso, Menoscal
Término indicativo de función/relación ed.
9 (RLIN) 41
830 #0 - PUNTO DE ACCESO ADICIONAL DE SERIE-TÍTULO UNIFORME
Título uniforme Ensayos electorales ;
Número de parte o sección de la obra 3
9 (RLIN) 57584
910 ## - DATOS DE OPCIÓN DEL USUARIO (OCLC)
Datos de opción del usuario Validado. Control de calidad EMS.
942 ## - ELEMENTOS DE PUNTO DE ACCESO ADICIONAL (KOHA)
Fuente del sistema de clasificación o colocación Dewey Decimal Classification
Tipo de ítem Koha Libro
Existencias
Estado de retiro Estado de pérdida Fuente del sistema de clasificación o colocación Restricciones de uso No para préstamo Código de colección Localización permanente Ubicación/localización actual Ubicación en estantería Fecha de adquisición Total de préstamos Signatura topográfica completa Código de barras Fecha visto por última vez Número de copia Precio válido a partir de Tipo de ítem Koha Fuente de adquisición
    Dewey Decimal Classification Préstamo en sala   Dominicana de Servicio Biblioteca Nacional Pedro Henríquez Ureña Dominicana Depósito 13.12.2018   BNPHU DS 324.63 A657s 31102-40 25.06.2020 e.3 25.06.2020 Libro y Folleto Colección Dominicana de Servicio  
    Dewey Decimal Classification Préstamo en sala   Dominicana de Servicio Biblioteca Nacional Pedro Henríquez Ureña Dominicana Depósito 19.08.2021   BNPHU DS 324.63 A657s 2021-25504 19.08.2021 e.4 19.08.2021 Libro y Folleto Colección Dominicana de Servicio Donación
    Dewey Decimal Classification Préstamo en sala   Dominicana de Servicio Biblioteca Nacional Pedro Henríquez Ureña Dominicana Depósito 19.08.2021   BNPHU DS 324.63 A657s 2021-25505 19.08.2021 e.5 19.08.2021 Libro y Folleto Colección Dominicana de Servicio Donación
    Dewey Decimal Classification Excluido de préstamo   Patrimonio Dominicano Biblioteca Nacional Pedro Henríquez Ureña Patrimonio Dominicano Depósito 13.06.2011   BNPHU PD 324.63 A657s 31102-10 25.06.2020   25.06.2020 Libro y Folleto Colección Patrimonio Dominicano Deposito
    Dewey Decimal Classification Excluido de préstamo   Patrimonio Dominicano Biblioteca Nacional Pedro Henríquez Ureña Patrimonio Dominicano Depósito 13.06.2011   BNPHU PD 324.63 A657s 31102-20 25.06.2020 e. 2 25.06.2020 Libro y Folleto Colección Patrimonio Dominicano  

Con tecnología Koha